| 000 | 01060cam a2200229 4500 | ||
|---|---|---|---|
| 001 | WB@3612-629 | ||
| 008 | 041116n2004 000 0 eng u | ||
| 035 | _a(Sirsi) u128002 | ||
| 245 | _aConsultant market survey | ||
| 260 | _c2004 | ||
| 490 |
_aPlanning (for the Natural and Built Environment) _v12 November 2004 1(1) |
||
| 520 | _aPlanning's eighth annual survey of the planning consultancy sector shows that practitioners are currently extremely optimistic about business prospects. The survey examines the current and recent progress of 150 planning consultancies, ranging from single practitioners to the market leaders. Results range from how much income is generated, rates of fees, the number of members and the percentage of those that are female to the fastest growing planning teams and to which areas are the most lucrative. | ||
| 590 | _aWB | ||
| 590 | _aWB | ||
| 650 | _aRANKINGS | ||
| 650 | _aPLANNING CONSULTANTS | ||
| 650 | _aTOWN PLANNERS | ||
| 650 | _aFEE EARNERS | ||
| 650 | _aINCOME | ||
| 690 | _aPLANNING | ||
| 942 | _n0 | ||
| 999 |
_c118312 _d118312 |
||